| 000 | 00719nam a2200265Ia 4500 | ||
|---|---|---|---|
| 001 | Para_7823 | ||
| 003 | CHAP | ||
| 008 | 220125s9999 xx 000 0 und d | ||
| 010 | _a206457 | ||
| 040 | _cCHAP | ||
| 082 | _aPA 630.72 C4 | ||
| 110 |
_aCentro Internacional de Agricultura Tropical _921185 |
||
| 245 |
_aInforme CIAT / _c por CIAT |
||
| 260 |
_aCali, Col. : _b El Centro |
||
| 500 | _aLa biblioteca tiene: 1980; 1981; 1982 | ||
| 650 |
_aAgricultura _x investigación _91577 |
||
| 650 |
_aInvestigación _960221 |
||
| 901 | _aPA 630.72 C4 | ||
| 902 | _aA | ||
| 905 | _a000000 0000000000 00 | ||
| 910 | _a | ||
| 942 | _cPARA | ||
| 942 |
_cPARA _d1 |
||
| 999 |
_c206457 _d206457 |
||